|
|
|
|
| LEADER |
01045nam a2200241 a 4500 |
| 008 |
100506c1994 nyua 0 0eng d |
| 020 |
|
|
|a 0026357682
|
| 040 |
|
|
|a UUS
|c UUS
|d OCL
|d BD-DhAAL
|
| 082 |
0 |
0 |
|a 420/.7/1
|2 21
|
| 245 |
0 |
0 |
|a Writer's choice :
|b grammar and composition
|
| 260 |
|
|
|a New York N.Y. :
|b Glencoe,
|c 1994.
|
| 300 |
|
|
|a iv, 60 p :
|b ill. ;
|c 28 cm.
|
| 500 |
1 |
|
|a Grammar practice.
|
| 541 |
1 |
|
|e 00011345
|
| 650 |
|
0 |
|a English language
|x Study and teaching.
|
| 650 |
|
0 |
|a English language
|x Grammar
|x Study and teaching.
|
| 650 |
|
0 |
|a Language arts.
|
| 650 |
|
0 |
|a English language
|x Composition and exercises.
|
| 710 |
2 |
|
|a Glencoe Publishing Co.
|
| 852 |
4 |
|
|a Ayesha Abed Library
|j General Shelf
|
| 999 |
|
|
|c 8439
|d 8439
|
| 952 |
|
|
|0 0
|1 0
|2 ddc
|4 0
|6 420_710000000000000_WRI_1994
|7 0
|9 9910
|a BRACUL
|b BRACUL
|c GEN
|d 2010-05-09
|l 2
|m 6
|o 420.71 WRI
|p 3010011345
|r 2014-10-23
|s 2014-09-23
|t 1
|w 2010-05-09
|y BK
|
| 952 |
|
|
|0 0
|1 0
|2 ddc
|4 0
|6 420_710000000000000_WRI_1994
|7 0
|9 9911
|a BRACUL
|b BRACUL
|c GEN
|d 2010-05-09
|l 0
|o 420.71 WRI
|p 3010011348
|r 2010-05-09
|t 2
|w 2010-05-09
|y BK
|